000 00641nam a22002177a 4500
003 UA-OsUOA
001 111680
007 ta
008 20150602b un ||||| |||| 00| 0 ukr d
100 _aГригорчук М.
090 _a82
_bГ83
942 _cSA
040 _aUA-OsUOA
_bukr
_cUA-OsUOA
_dUA-OsUOA
245 _aШтрихи до портрета прозового імпресіоніста на тлі епохи/ Про М. Слабошпицького
300 _aС.10
955 _a0
041 _aukr
080 _a82
773 0 _w111679
650 7 _a82 Література. Літературознавство
_2UDC
999 _c397350
_d397350